Normal view MARC view
  • Ullman, Jeffrey D.,

Entry Personal Name

Number of records used in: 11

001 - CONTROL NUMBER

  • control field: 94174

003 - CONTROL NUMBER IDENTIFIER

  • control field: NUST

005 - DATE AND TIME OF LATEST TRANSACTION

  • control field: 20220720172409.0

008 - FIXED-LENGTH DATA ELEMENTS

  • fixed length control field: 220720|| aca||aabn | a|a d

040 ## - CATALOGING SOURCE

  • Original cataloging agency: NUST
  • Transcribing agency: NUST

100 ## - HEADING--PERSONAL NAME

  • Personal name: Ullman, Jeffrey D.,
  • Dates associated with a name: 1942-

670 ## - SOURCE DATA FOUND

  • Source citation: Work cat.: (NUST)176120: Aho, Alfred V. 36455, Foundations of computer science /, c1992.
© 2023 Central Library, National University of Sciences and Technology. All Rights Reserved.